Statystyki dla Polskie województwa na pustej mapie

Kliknij tutaj aby rozwiązać quiz!

Ogólne statystyki

  • Ten quiz został rozwiązany 51 653 razy
  • Średni wynik to 14 z 16

Odpowiedzi na mapie

Odpowiedzi skodowane kolorowo w zielono-czerwonej skali na mapie do tego quizu, zgodnie z poniższymi procentami.
 

Statystyki odpowiedzi

Województwo% Poprawnych
mazowieckie
96%
pomorskie
96%
śląskie
94%
małopolskie
93%
wielkopolskie
93%
lubelskie
92%
dolnośląskie
91%
podlaskie
91%
lubuskie
90%
zachodniopomorskie
90%
łódzkie
87%
opolskie
86%
warmińsko-mazurskie
86%
kujawsko-pomorskie
84%
podkarpackie
84%
świętokrzyskie
83%

Rozkład punktacji

Percentyl według liczby udzielonych odpowiedzi

Procent ludzi z każdym wynikiem

Twoja historia wyników

Nie rozwiązałeś tego quizu